Essentials of general, organic and biochemistry (Record no. 183643)

000 -LEADER
fixed length control field 02059 a2200241 4500
003 - CONTROL NUMBER IDENTIFIER
control field Nust
005 - DATE AND TIME OF LATEST TRANSACTION
control field 20221013141003.0
010 ## - LIBRARY OF CONGRESS CONTROL NUMBER
LC control number 72082811
020 ## - INTERNATIONAL STANDARD BOOK NUMBER
International Standard Book Number 0721677614
040 ## - CATALOGING SOURCE
Transcribing agency Nust
082 00 - DEWEY DECIMAL CLASSIFICATION NUMBER
Classification number 540,ROU
100 1# - MAIN ENTRY--PERSONAL NAME
Personal name Routh, Joseph Isaac,
9 (RLIN) 100196
245 10 - TITLE STATEMENT
Title Essentials of general, organic and biochemistry
Statement of responsibility, etc. [by] Joseph I. Routh, Darrell P. Eyman and Donald J. Burton.
250 ## - EDITION STATEMENT
Edition statement 2nd ed.
260 ## - PUBLICATION, DISTRIBUTION, ETC.
Place of publication, distribution, etc. Philadelphia,
Name of publisher, distributor, etc. Saunders,
Date of publication, distribution, etc. 1973.
300 ## - PHYSICAL DESCRIPTION
Extent xiv, 652 p.
Other physical details illus.
Dimensions 27 cm.
490 0# - SERIES STATEMENT
Series statement Saunders golden series
505 ## - FORMATTED CONTENTS NOTE
Formatted contents note Some Fundamental Concepts (Page-1), Atomic Structure and Chemical Periodicity (Page-21), The Nature of Chemical Bonds (Page-44), The Nature of the Gaseous State (Page-60), Liquids , Solids, and Change of State (Page-77), Chemical Reactions and the Nature of Compounds (Page-90), Water and its Elements (Page-104) Solutions (Page-124), Reactions Rates and Chemical Equilibrium (Page-148), Electrolyte Equilibria (Page-159), Electrochemical Processes (Page-172) Some Chemistry of Nonmetallic Elements (Page-182, Some Chemistry of Metallic Elements (Page-210), Nuclear Processes (Page-230), Introduction and General Principles of Organic Chemistry (Page-243), Hydrocarbons (page-261) Alkenes and Alkynes (Page-285) Aromatic Hydrocarbons (Page-305) Alcohols (Page-328), Ethers (Page-347), Halogen Derivatives of Hydrocarbons (Page-355), Aldehydes and Ketones (Page-366), Carboxylic Acid and Acid Derivatives (Page-384), Amines and Amine Derivatives (Page-401), Polymers and Polymerization Reactions (Page-414), Carbohydrates (Page-423), Lipids (Page-443), Proteins (Page-462), Nucleic Acids (Page-485), Biochemistry of the Cell (Page-496), Biochemical Energetic (Page-503), Enzymes and Coenzymes (Page-512), Carbohydrate Metabolism (Page-532), Lipid Metabolism (Page-550) Protein Metabolism (Page-562), Body Fluids (Page-576), Biochemistry of Drugs (Page-590).
650 #0 - SUBJECT ADDED ENTRY--TOPICAL TERM
Topical term or geographic name entry element Chemistry.
700 1# - ADDED ENTRY--PERSONAL NAME
Personal name Burton, Donald Joseph,
Dates associated with a name 1934-
9 (RLIN) 100197
700 1# - ADDED ENTRY--PERSONAL NAME
Personal name Eyman, Darrell P.,
Dates associated with a name 1937-
9 (RLIN) 100198
942 ## - ADDED ENTRY ELEMENTS (KOHA)
Source of classification or shelving scheme
Koha item type Book
Holdings
Withdrawn status Lost status Source of classification or shelving scheme Damaged status Not for loan Permanent Location Current Location Shelving location Date acquired Full call number Barcode Date last seen Price effective from Koha item type Public note
          Military College of Signals (MCS) Military College of Signals (MCS) General Stacks 12/12/2016 540,ROU MCS21183 12/08/2016 12/12/2016 Book Almirah No.25, Shelf No.5
© 2023 Central Library, National University of Sciences and Technology. All Rights Reserved.